[Event "AUTO-OPEN-558"]
[Site "http://www.queenalice.com/game.php?id=269269"]
[Date "2007.9.9"]
[Round "3"]
[White "dcchess"]
[Black "Pluka"]
[Result "1-0"]
[WhiteElo "2112"]
[BlackElo "1867"]

1. d4 Nf6 2. Bg5 Ne4 3. Bf4 d5 4. f3 Nf6 5. e4 dxe4 6. Nc3 exf3 7. Nxf3 h6 8.
Bc4 e6 9. Qe2 Be7 10. O-O-O c6 11. g4 Nxg4 12. Rhg1 Nf6 13. Rxg7 Nh5 14. Rxf7
Nxf4 15. Rxf4 Bg5 16. Nxg5 Qxg5 17. Qd2 Nd7 18. Bxe6 Nb6 19. Ne4 Nc4 20. Bxc4
1-0

[Event "QA-ANNIV-03"]
[Site "http://www.queenalice.com/game.php?id=270148"]
[Date "2007.9.11"]
[Round "3"]
[White "Pluka"]
[Black "CCapivara"]
[Result "1/2-1/2"]
[WhiteElo "1867"]
[BlackElo "2055"]

1. e4 d6 2. d4 Nf6 3. Nc3 c6 4. Nf3 Bg4 5. Be2 Nbd7 6. h3 Bh5 7. Bf4 Qa5 8. Qd2
e5 9. Bg3 Be7 10. d5 cxd5 11. exd5 O-O 12. O-O a6 13. a3 Rac8 14. Rfd1 b5 15.
Qd3 b4 16. Ne4 Bg6 17. Qxa6 Qxa6 18. Bxa6 Nxe4 19. Bxc8 Rxc8 20. axb4 Rxc2 21.
Ra8+ Nf8 22. Re8 Bf6 23. Ra1 Nxg3 24. Raa8 Rc1+ 25. Kh2 Nf1+ 26. Kh1 Ng3+
1/2-1/2

[Event "Tessaro"]
[Site "http://www.queenalice.com/game.php?id=270948"]
[Date "2007.9.13"]
[Round "1"]
[White "chmp"]
[Black "Pluka"]
[Result "1-0"]
[WhiteElo "1621"]
[BlackElo "1871"]

1. d4 g6 2. e4 Nf6 3. f3 Nc6 4. d5 Ne5 5. Bf4 d6 6. Bb5+ Bd7 7. Nc3 Bg7 8. Nh3
O-O 9. g4 a6 10. Ba4 Nc4 11. b3 Nb2 12. Qb1 Nxa4 13. bxa4 Rb8 14. Ng5 b5 15.
axb5 axb5 16. Qb4 c5 17. Qb3 c4 18. Qb4 e5 19. Be3 Ne8 20. h4 h6 21. Nh3 Qxh4+
22. Nf2 Qg3 23. Ke2 f5 24. Rag1 Qxg1 25. Rxg1 f4 26. Bd2 Nc7 27. Qxd6 b4 28.
Ncd1 b3 29. axb3 cxb3 30. cxb3 Bb5+ 31. Nd3 Bxd3+ 32. Kxd3 Nb5 33. Qe6+ Kh7 34.
g5 Nd4 35. Qe7 Rxb3+ 36. Nc3 h5 37. d6 Rbb8 38. d7 Nxf3 39. Nd5 Nxg1 40. Nf6+
Kh8 41. Ne8 Rg8 42. d8=Q Rxd8+ 43. Qxd8 f3 44. Be1 Nh3 45. Bh4 f2 46. Ke2 Rf8
47. Bxf2 Nxf2 48. Qe7 1-0

[Event "Challenge"]
[Site "http://www.queenalice.com/game.php?id=308798"]
[Date "2007.11.23"]
[Round "-"]
[White "Pluka"]
[Black "lobo"]
[Result "1-0"]
[WhiteElo "1908"]
[BlackElo "1779"]

1. e4 e5 2. Nf3 d6 3. Bc4 Bg4 4. Nc3 c6 5. d3 Ne7 6. Bg5 f6 7. Be3 h6 8. d4 Qb6
9. b3 Qa5 10. Bd2 exd4 11. Nd5 Qd8 12. Nf4 Qd7 13. h3 Bxf3 14. Qxf3 c5 15. Qh5+
Kd8 16. Ne6+ Kc8 17. O-O Nbc6 18. Qf7 Ne5 19. Nxf8 Nxf7 20. Nxd7 Nd8 21. Bb5
Nec6 22. Nxf6 gxf6 23. Bf4 Kc7 24. a3 a6 25. Bc4 Ne7 26. Rfe1 Ng6 27. Bg3 Nc6
28. Bd5 Nge7 29. Bh4 Rhf8 30. Be6 Ng6 31. Bg3 h5 32. f4 h4 33. f5 hxg3 34. fxg6
Ne7 35. g7 Rfd8 36. Rf1 Kb6 37. Rxf6 Ng8 38. Rg6 Re8 39. Bf5 Ne7 40. Rxg3 d5 41.
Bh7 dxe4 42. Bxe4 Ng8 43. Bd5 Nf6 44. Rg6 Ka7 45. Rxf6 1-0

[Event "AUTO-OPEN-545"]
[Site "http://www.queenalice.com/game.php?id=341871"]
[Date "2008.1.24"]
[Round "3"]
[White "paulove"]
[Black "Pluka"]
[Result "0-1"]
[WhiteElo "1842"]
[BlackElo "1913"]

1. e4 c5 2. Nc3 e6 3. d4 cxd4 4. Nce2 Nf6 5. Qxd4 Nc6 6. Qa4 a6 7. Ng3 Qb6 8. f3
Bc5 9. Qb3 Bxg1 10. Qxb6 Bxb6 11. Bg5 Bd4 12. c3 h6 13. cxd4 hxg5 14. O-O-O d5
15. e5 Nh5 16. Nxh5 Rxh5 17. g4 Rh6 18. Be2 f6 19. exf6 gxf6 20. h3 Ne7 21. Kb1
Bd7 22. Rh2 Bb5 23. Bxb5+ axb5 24. Rdh1 Nc6 25. h4 Rxh4 26. Rxh4 gxh4 27. Rxh4
Ra7 28. Rh6 Kf7 29. Rh7+ Kg6 30. Rd7 Nxd4 31. f4 f5 32. gxf5+ Kxf5 0-1

[Event "AUTO-OPEN-545"]
[Site "http://www.queenalice.com/game.php?id=341872"]
[Date "2008.1.24"]
[Round "3"]
[White "Pluka"]
[Black "paulove"]
[Result "1-0"]
[WhiteElo "1926"]
[BlackElo "1829"]

1. e4 c5 2. Nf3 e6 3. d4 cxd4 4. Nxd4 Nc6 5. Nc3 Bb4 6. Nb5 Bxc3+ 7. bxc3 Nge7
8. Nd6+ Kf8 9. Qf3 Ne5 10. Qh5 N7g6 11. Ba3 Kg8 12. Be2 Qh4 13. O-O Qxh5 14.
Bxh5 b6 15. Be2 Nc6 16. Rfd1 h6 17. g3 a5 18. f4 Ba6 19. Bc4 b5 20. Bxb5 Bxb5
21. Nxb5 d5 22. exd5 exd5 23. Rxd5 Kh7 24. Rd7 Rhd8 25. Rad1 Rxd7 26. Rxd7 Kg8
27. Rc7 Ra6 28. Nd4 Nxd4 29. cxd4 Re6 30. f5 Re1+ 31. Kf2 Ra1 32. fxg6 fxg6 33.
d5 Rxa2 34. Be7 a4 35. d6 Ra1 36. Ke2 Rh1 37. d7 Rxh2+ 38. Kf3 Rd2 39. d8=Q+
Rxd8 40. Bxd8 1-0

[Event "Tessaro"]
[Site "http://www.queenalice.com/game.php?id=345766"]
[Date "2008.1.30"]
[Round "2"]
[White "Pluka"]
[Black "pollo"]
[Result "1-0"]
[WhiteElo "1947"]
[BlackElo "1609"]

1. e4 d5 2. exd5 Qxd5 3. Nc3 Qc6 4. Bb5 e6 5. Bxc6+ Nxc6 6. Nb5 Bd6 7. Nxd6+
cxd6 8. d4 d5 9. Nf3 Nb4 10. c3 Nc6 11. Qd2 Nf6 12. Ne5 O-O 13. O-O Ne4 14. Qf4
1-0

[Event "AUTO-OPEN-1015"]
[Site "http://www.queenalice.com/game.php?id=354367"]
[Date "2008.2.14"]
[Round "1"]
[White "th_hoffmann"]
[Black "Pluka"]
[Result "0-1"]
[WhiteElo "1453"]
[BlackElo "1953"]

1. e4 c6 2. b4 d5 3. Bd3 dxe4 4. Bxe4 Qd4 5. Nc3 Qxb4 6. a3 Qc5 7. Nf3 e6 8. Bb2
Qb6 9. d4 Qxb2 10. Na4 Qb5 11. c3 c5 12. Rb1 Qd7 13. Ne5 Qc7 14. O-O Nf6 15. Qf3
Nxe4 16. Qxe4 cxd4 17. Qxd4 Bxa3 18. Rb3 Bd6 19. f4 Nc6 20. Nxc6 Qxc6 21. Qxg7
Rf8 22. Qxh7 Qxa4 23. Rfb1 Qxf4 24. Rf1 Bc5+ 0-1

[Event "AUTO-OPEN-1015"]
[Site "http://www.queenalice.com/game.php?id=354368"]
[Date "2008.2.14"]
[Round "1"]
[White "Pluka"]
[Black "th_hoffmann"]
[Result "1-0"]
[WhiteElo "1938"]
[BlackElo "1352"]

1. e4 Nf6 2. d3 d5 3. e5 Nfd7 4. e6 Ne5 5. exf7+ Nxf7 6. Nc3 e6 7. Nf3 g6 8. Bg5
Qd6 9. Bf6 Rg8 10. d4 Bd7 11. Be5 Qb4 12. Rb1 h5 13. Bd3 Na6 14. O-O Nd6 15. a3
Qa5 16. Nh4 Ne4 17. Nxe4 g5 18. Qxh5+ Ke7 19. Bf6# 1-0

[Event "AUTO-OPEN-1015"]
[Site "http://www.queenalice.com/game.php?id=354399"]
[Date "2008.2.14"]
[Round "1"]
[White "Pluka"]
[Black "yanpom"]
[Result "1-0"]
[WhiteElo "1940"]
[BlackElo "1862"]

1. d4 d5 2. c4 dxc4 3. Nf3 e6 4. e3 Nf6 5. Bxc4 Bb4+ 6. Bd2 Bxd2+ 7. Nbxd2 O-O
8. O-O Nc6 9. a3 Na5 10. Ba2 Nc6 11. b4 a6 12. Qc2 h6 13. Nc4 b5 14. Nce5 Nxe5
15. dxe5 Nd7 16. Bb1 g6 17. Qe4 Nb6 18. Bc2 Rb8 19. Rfd1 Qe7 20. Qg4 Nd5 21. Rd3
Bb7 22. Rad1 h5 23. Qg3 Kh7 24. e4 Nb6 25. Ng5+ Kh6 26. h4 Nc4 27. Rd7 Qe8 28.
Rxc7 Nxa3 29. Qxa3 Rh8 30. Nxf7+ Kh7 31. Nd6+ 1-0

[Event "AUTO-OPEN-1015"]
[Site "http://www.queenalice.com/game.php?id=354400"]
[Date "2008.2.14"]
[Round "1"]
[White "yanpom"]
[Black "Pluka"]
[Result "1/2-1/2"]
[WhiteElo "1796"]
[BlackElo "1953"]

1. e4 e5 2. Nf3 Nc6 3. Bc4 Bc5 4. O-O d6 5. h3 Nd4 6. d3 Qf6 7. Nxd4 Bxd4 8. c3
Bc5 9. Nd2 h6 10. Qf3 Qxf3 11. Nxf3 Nf6 12. Re1 O-O 13. d4 exd4 14. cxd4 Bb4 15.
Re2 Be6 16. d5 Bd7 17. Bd2 Bc5 18. Rae1 c6 19. b4 Bb6 20. a4 a5 21. Bb3 axb4 22.
dxc6 Bxc6 23. Bxb4 Bc5 24. Bxc5 dxc5 25. e5 Nd5 26. Ra1 Nc3 27. Re3 Nxa4 28. e6
fxe6 29. Bxe6+ Kh8 30. Ne5 Be8 31. Bb3 b5 32. Bc2 Rf6 33. Ng4 Rd6 34. Re5 Bg6
35. Bxg6 Rxg6 36. Rxc5 Nxc5 37. Rxa8+ Kh7 38. Rb8 b4 39. Rxb4 h5 40. Ne3 Nd3 41.
Rd4 Ne5 42. Kh2 Rf6 43. f3 g5 44. Nd5 Rd6 45. Rd1 Kh6 46. Ne3 Re6 47. Rd5 Nxf3+
48. gxf3 Rxe3 49. Rd6+ Kg7 50. Kg3 Rc3 51. Rd5 Kg6 52. Rd6+ Kf5 53. Rd5+ Kg6
1/2-1/2

[Event "QA-ANNIV-03"]
[Site "http://www.queenalice.com/game.php?id=360833"]
[Date "2008.2.25"]
[Round "5"]
[White "Pluka"]
[Black "gerchurches"]
[Result "0-1"]
[WhiteElo "1955"]
[BlackElo "2327"]

1. e4 e6 2. d3 d5 3. Qe2 Ne7 4. g3 c5 5. Bg2 Nbc6 6. Nf3 g6 7. h4 h6 8. e5 Bg7
9. O-O O-O 10. a3 f6 11. exf6 Rxf6 12. Nc3 Nf5 13. Be3 d4 14. Ne4 dxe3 15. Nxf6+
Bxf6 16. c3 exf2+ 17. Qxf2 Ne5 18. d4 Ng4 19. Qd2 Qd6 20. Qf4 Qxf4 21. gxf4 cxd4
22. cxd4 Nxd4 23. Rab1 Ne2+ 0-1

[Event "QA-ANNIV-03"]
[Site "http://www.queenalice.com/game.php?id=385498"]
[Date "2008.4.10"]
[Round "6"]
[White "Skovtrolden"]
[Black "Pluka"]
[Result "1-0"]
[WhiteElo "2144"]
[BlackElo "1949"]

1. e4 e5 2. Nf3 Nc6 3. d4 exd4 4. Nxd4 Bc5 5. Be3 Qf6 6. c3 Nge7 7. Bc4 O-O 8.
O-O a6 9. f4 b5 10. Be2 d6 11. Qd2 g6 12. Na3 Nxd4 13. cxd4 Bb6 14. Nc2 c6 15.
Bf3 Bb7 16. f5 gxf5 17. exf5 Bc8 18. Bg5 1-0

[Event "AUTO-OPEN-1015"]
[Site "http://www.queenalice.com/game.php?id=444540"]
[Date "2008.8.6"]
[Round "2"]
[White "Pluka"]
[Black "mariolusena"]
[Result "0-1"]
[WhiteElo "1948"]
[BlackElo "2326"]

1. e4 Nc6 2. d4 d5 3. exd5 Qxd5 4. Nc3 Qxd4 5. Qxd4 Nxd4 6. Bd3 e5 7. Nd5 Bd6 8.
c3 Nc6 9. Nf3 h6 10. O-O Be6 11. Be4 f5 12. Nxc7+ Bxc7 13. Bc2 e4 14. Nh4 g5 15.
Ng6 Rh7 16. Bd1 Bf7 17. Bb3 Nf6 18. Bxf7+ Kxf7 0-1

[Event "AUTO-OPEN-1015"]
[Site "http://www.queenalice.com/game.php?id=444541"]
[Date "2008.8.6"]
[Round "2"]
[White "mariolusena"]
[Black "Pluka"]
[Result "1-0"]
[WhiteElo "2332"]
[BlackElo "1909"]

1. d4 Nf6 2. Nc3 d5 3. Bf4 Bf5 4. Nf3 e6 5. Nh4 Ng4 6. Nxf5 exf5 7. e3 Bb4 8.
Bd3 Bxc3+ 9. bxc3 Qd7 10. Rb1 b6 11. Qf3 c6 12. Bxb8 Rxb8 13. Bxf5 Qd6 14. Bxg4
O-O 15. Rb3 a5 16. O-O b5 17. Qe2 a4 18. Rb4 Rb6 19. Qd3 Qf6 20. Rfb1 Rfb8 21.
Bf3 1-0

[Event "AUTO-OPEN-1015"]
[Site "http://www.queenalice.com/game.php?id=444543"]
[Date "2008.8.6"]
[Round "2"]
[White "JoseASeguro"]
[Black "Pluka"]
[Result "1-0"]
[WhiteElo "1961"]
[BlackElo "1923"]

1. e4 e5 2. Nc3 Nf6 3. f4 d5 4. fxe5 Nxe4 5. Nf3 Be7 6. d4 Nc6 7. Bd3 Bf5 8. O-O
Bg4 9. Bxe4 dxe4 10. Nxe4 Nxd4 11. Qxd4 Qxd4+ 12. Nxd4 O-O-O 13. Be3 1-0

[Event "QA-ANNIV-03"]
[Site "http://www.queenalice.com/game.php?id=446340"]
[Date "2008.8.9"]
[Round "8"]
[White "arvim"]
[Black "Pluka"]
[Result "1-0"]
[WhiteElo "2137"]
[BlackElo "1957"]

1. d4 Nf6 2. c4 g6 3. Nc3 Bg7 4. e4 d6 5. Nf3 O-O 6. Be2 e5 7. O-O Nc6 8. d5 Ne7
9. b4 Nh5 10. Ng5 Nf6 11. c5 Bg4 12. f3 Bd7 13. f4 Bg4 14. Bxg4 1-0